You Can't Cheat Them All

Bibliographic Details
Main Author: Kumara Velu
Format: Book
Language:English
Published: Kuala Lumpur : Vital Star , 1995
Series:The Favourite Animal Fables
Subjects:

MARC

LEADER 00000cam a2200000 7i4500
001 0000075349
005 20101113.0
008 101113 eng
020 |a 9830240185 
090 0 0 |a JF SER 
100 1 |a Kumara Velu 
245 1 0 |a You Can't Cheat Them All   |c Kumara Velu 
260 |a Kuala Lumpur :   |b Vital Star ,   |c 1995 
300 |a 22p. :   |b ill. ;   |c 27cm. 
440 0 |a The Favourite Animal Fables 
650 0 0 |a Junior Fiction 
999 |a 0000126958   |b Buku   |c Koleksi Pinjaman Kanak-Kanak   |e Perpustakaan Cawangan Masjid Tanah 
999 |a 0000337652   |b Buku   |c Koleksi Pinjaman Kanak-Kanak   |e Perbadanan Perpustakaan Awam Melaka 
999 |a 5715   |b Buku   |c Koleksi Pinjaman Kanak-Kanak   |e Perpustakaan Cawangan Merlimau